|
|
|
|
| LEADER |
00000nab a2200000 a 4500 |
| 001 |
vtls011122547 |
| 003 |
SK-MaSNL |
| 005 |
20260303143906.0 |
| 008 |
230222|2007 xo |||||||||||||||||eng| |
| 015 |
|
|
|a SNBRB
|
| 035 |
|
|
|a (uuid)a70f3bc1-3dea-44b2-8f22-aeb026e51353
|
| 035 |
|
|
|a (urnnbn)urn:nbn:sk:snk:ar-a08x1b
|
| 035 |
|
|
|a urn:nbn:sk:snk-ab9ukh
|
| 040 |
|
|
|a SNKBUCL
|b slo
|c SNKBUCL
|e AACR2
|
| 041 |
0 |
|
|a eng
|
| 044 |
|
|
|a xo
|c SK
|
| 100 |
1 |
|
|a Majerová, Viera
|4 aut
|9 1028179
|
| 245 |
1 |
0 |
|a STRUCTURE AND FATIGUE BEHAVIOR OF GAS NITRIDED NODULAR CAST IRON WITH DIFFERENT CONTENT OF FERRITE
|c Viera Majerová, Radomila Konečná, Gianni Nicoletto, Pavel Bartuška
|
| 700 |
1 |
|
|a Konečná, Radomila,
|d 1953-
|4 aut
|9 224241
|
| 700 |
1 |
|
|a Nicoletto, Gianni
|4 aut
|9 487330
|
| 700 |
1 |
|
|a Bartuška, Pavel
|4 aut
|9 1144544
|
| 773 |
0 |
|
|t Materiálové inžinierstvo
|g Roč. 14, č. 2 (2007), s. 5-10
|
| 958 |
|
|
|a OND
|
| 958 |
|
|
|a EUIPO
|
| 958 |
|
|
|a article13
|
| 999 |
|
|
|c 1992921
|d 1994851
|